| 000 | 00437nam a2200181Ia 4500 | ||
|---|---|---|---|
| 008 | 230524s9999 xx 000 0 und d | ||
| 020 | _a9788131502778 | ||
| 082 |
_a658.12 _bMAC |
||
| 100 | _aS.Scott MacDonald | ||
| 245 | 0 | _aManagement of Banking | |
| 250 | _a6TH | ||
| 260 |
_aNEW DELHI _bCengage _c2009 |
||
| 300 | _aXIV;545 | ||
| 500 | _aQuantity Number: 2 | ||
| 650 | _aManagement | ||
| 700 | _a Timothy W.Koch | ||
| 942 | _cBK | ||
| 999 |
_c46013 _d46013 |
||